00617nam a22002177a 4500003000400000008004100004020001800045082001500063100002400078245008200102260003100184300001700215650002400232650002000256650001700276650002100293650002000314650002600334650001900360700002000379OSt260228b2026 |||||||| |||| 00| 0 eng d a9789373322421 bTUD-Ha174 aTudu, Preshita Neha aHuman values and professional ethics /cPreshita Neha Tudu and Vaibhav Mishra aNew Delhi :bWiley,c2026. axx, 227 p. ; aProfessional ehtics aBusiness ethics aHuman Values aMoral Philosophy aApplied etihics aSocial responsibility aCode of ethics aMishra, Vaibhav